LEADER 00642nam1 22002051i 450 001 SUN0041039 005 20060221120000.0 100 $a20060221f |0itac50 ba 101 $aita 102 $aIT 105 $a|||| ||||| 200 1 $aLexicographica$fUniversità di Genova, Facoltà di lettere 210 $aGenova$cDipartimento di archeologia, filologia classica e loro tradizioni 215 $av.$cill.$d22 cm. 463 \1$1001SUN0041040$12001 $a<<1: >>Glossarium Patavinum anonymum 620 $dGenova$3SUNL000035 801 $aIT$bSOL$c20181109$gRICA 912 $aSUN0041039 996 $aLexicographica$9791143 997 $aUNICAMPANIA LEADER 01373nam--2200397---450- 001 990003117620203316 005 20080611105443.0 010 $a88-7814-076-7 035 $a000311762 035 $aUSA01000311762 035 $a(ALEPH)000311762USA01 035 $a000311762 100 $a20080611d1990----km-y0itay50------ba 101 $aita 102 $aIT 105 $aa---||||001yy 200 1 $aCastel Bolognese$earcheologia di un centro di nuova fondazione$fSauro Gelichi$gcon un contributo di Valerio Brunetti e un'appendice di Patrizia Farello 210 $aFirenze$cAll'insegna del giglio$d1990 215 $a109 p.$cill.$d24 cm. 225 2 $aQuaderni del Dipartimento di archeologia e storia delle arti, Sezione archeologica, Università di Siena$v19 410 0$12001$aQuaderni del Dipartimento di archeologia e storia delle arti, Sezione archeologica, Università di Siena 454 1$12001 461 1$1001-------$12001 606 0 $aScavi archeologici$yCastel Bolognese 676 $a945.47 700 1$aGELICHI,$bSauro$0163169 702 1$aBRUNETTI,$bValerio 702 1$aFARELLO,$bPatrizia 801 0$aIT$bsalbc$gISBD 912 $a990003117620203316 951 $aS VII b 38$bDLM$cS VII b 959 $aBK 969 $aDILAM 979 $aDILAM1$b90$c20080611$lUSA01$h1054 996 $aCastel Bolognese$91020551 997 $aUNISA LEADER 02515oam 2200577 450 001 9910809515003321 005 20240131143844.0 010 $a1-5261-4251-1 010 $a1-5261-5554-0 010 $a1-5261-4250-3 035 $a(CKB)4100000011278427 035 $a(OCoLC)1159725227 035 $a(MdBmJHUP)muse82638 035 $a(MiAaPQ)EBC6219868 035 $a(StDuBDS)EDZ0002390396 035 $a(EXLCZ)994100000011278427 100 $a20200611e20212020 fy 0 101 0 $aeng 135 $aur|||||||nn|n 181 $ctxt$2rdacontent 182 $cc$2rdamedia 183 $acr$2rdacarrier 200 10$aAnna of Denmark $ethe material and visual culture of the Stuart courts, 1589-1619 /$fJemma Field 210 1$aManchester :$cManchester University Press,$d2021. 215 $a1 online resource (xi, 254 pages) $cillustrations (some color) 225 1 $aStudies in design & material culture 225 1 $aManchester scholarship online 300 $aPreviously issued in print: 2020. 320 $aIncludes bibliographical references and index. 327 $aContexts and networks -- Court places and spaces -- Collecting and display -- Plates -- Jewellery and apparel -- Representation and self-fashioning -- Ritual and ceremonial. 330 8 $aThis title examines Anna of Denmark's engagement with visual and material goods, including architecture, garden design, painting and jewellery. It contextualises the consort's place within the wider socio-political environment of the Stuart courts and provides a comprehensive understanding of her personal iconography, aims, interests and alliances. 410 0$aStudies in design and material culture 410 0$aManchester scholarship online. 606 $aMaterial culture$zGreat Britain$xHistory$y17th century 606 $aMaterial culture$zGreat Britain$xHistory$y16th century 606 $aArt and society$zGreat Britain$xHistory$y17th century 606 $aArt and society$zGreat Britain$xHistory$y16th century 607 $aGreat Britain$xHistory$yJames I, 1603-1625 607 $aGreat Britain$xHistory$yElizabeth, 1558-1603 615 0$aMaterial culture$xHistory 615 0$aMaterial culture$xHistory 615 0$aArt and society$xHistory 615 0$aArt and society$xHistory 676 $a306.46 700 $aField$b Jemma$01709205 801 0$bStDuBDS 801 1$bStDuBDS 906 $aBOOK 912 $a9910809515003321 996 $aAnna of Denmark$94098783 997 $aUNINA